[Event "Buenos Aires FAOGBA op 2nd"]
[Site "Buenos Aires"]
[Date "2024.03.16"]
[Round "5"]
[White "Salinas Herrera, Pablo Patricio"]
[Black "Mareco, Sandro"]
[Result "1/2-1/2"]
[WhiteElo "2478"]
[BlackElo "2589"]
[PlyCount "40"]
[EventDate "2024.03.12"]
[EventType "swiss"]
[EventRounds "9"]
[EventCountry "ARG"]
[SourceTitle "CB13_2024"]
[SourceDate "2024.03.27"]
[SourceVersion "1"]
[SourceVersionDate "2024.03.27"]
[SourceQuality "1"]

1. e4 e5 2. Nf3 Nc6 3. Bb5 a6 4. Ba4 Nf6 5. Nc3 Bc5 6. Bxc6 dxc6 7. d3 Bg4 8. h3 Bh5 9. Be3 Bd6 10. Qe2 Nd7 11. a3 f6 12. Rd1 c5 13. Nd5 c6 14. Nc3 Nf8 15. Nb1 Ne6 16. c3 Qe7 17. Nbd2 b5 18. Nf1 Bf7 19. Ng3 g6 20. 0-0 Nf4 1/2-1/2

[Event "Buenos Aires FAOGBA op 2nd"]
[Site "Buenos Aires"]
[Date "2024.03.13"]
[Round "2"]
[White "Mareco, Sandro"]
[Black "Carcamo, Matias"]
[Result "1-0"]
[WhiteElo "2589"]
[BlackElo "2102"]
[PlyCount "133"]
[EventDate "2024.03.12"]
[EventType "swiss"]
[EventRounds "9"]
[EventCountry "ARG"]
[SourceTitle "CB13_2024"]
[SourceDate "2024.03.27"]
[SourceVersion "1"]
[SourceVersionDate "2024.03.27"]
[SourceQuality "1"]

1. e4 e5 2. Nf3 Nf6 3. Nxe5 Qe7 4. Nf3 Nxe4 5. Be2 d5 6. 0-0 Be6 7. d3 Nf6 8. d4 c6 9. Re1 Qc7 10. Bd3 Bd6 11. h3 0-0 12. Ng5 Re8 13. Nd2 Nbd7 14. Ndf3 h6 15. Nxe6 Rxe6 16. Rxe6 fxe6 17. Be3 e5 18. dxe5 Nxe5 19. Nxe5 Bxe5 20. c3 Bf4 21. Bd4 Be5 22. Bg6 Bxd4 23. Qxd4 c5 24. Qe3 Rd8 25. Re1 Kf8 26. Qf3 Qd7 27. Re5 d4 28. Rxc5 d3 29. Rc4 Qd5 30. Rd4 Qxf3 31. Rxd8+ Ke7 32. gxf3 Kxd8 33. Bxd3 Nh5 34. Kh2 b6 35. Bg6 Nf4 36. Bc2 Ke7 37. h4 Kf6 38. Be4 Ke5 39. a3 a6 40. Kg1 Ne2+ 41. Kf1 Nf4 42. b3 a5 43. b4 Kd6 44. c4 axb4 45. axb4 Ke5 46. c5 bxc5 47. bxc5 Ne6 48. c6 Kd6 49. Kg2 h5 50. Kg3 Ke5 51. Bg6 Kd6 52. Be8 Nc7 53. Bd7 Nd5 54. f4 Nf6 55. f5 Nd5 56. Kf3 Ke5 57. Be6 Nc7 58. Ke3 g6 59. f4+ Kd6 60. fxg6 Kxe6 61. f5+ Kf6 62. Kd4 Kxf5 63. g7 Ne6+ 64. Ke3 Nxg7 65. c7 Kg4 66. c8Q+ Kxh4 67. Qf8 1-0

[Event "Iberoamerican-ch 9th"]
[Site "Panama City"]
[Date "2023.11.26"]
[Round "2"]
[White "Baules Rodriguez, Jorge Luis"]
[Black "Mareco, Sandro"]
[Result "0-1"]
[WhiteElo "2283"]
[BlackElo "2606"]
[PlyCount "156"]
[EventDate "2023.11.25"]
[EventType "swiss"]
[EventRounds "9"]
[EventCountry "PAN"]
[SourceTitle "CB49_2023"]
[SourceDate "2023.12.06"]
[SourceVersion "1"]
[SourceVersionDate "2023.12.06"]
[SourceQuality "1"]

1. d4 Nf6 2. c4 e6 3. Nc3 Bb4 4. Qc2 d5 5. a3 Bxc3+ 6. Qxc3 Nbd7 7. Nf3 0-0 8. Bg5 h6 9. Bxf6 Nxf6 10. e3 b6 11. Bd3 dxc4 12. Qxc4 Bb7 13. Be2 Rc8 14. 0-0 c5 15. Rfd1 Qe7 16. Rac1 Nd5 17. Qb3 Rc7 18. dxc5 bxc5 19. Nd2 Nb6 20. Bf3 Bxf3 21. Nxf3 c4 22. Qb5 Rfc8 23. Nd4 Nd5 24. Ne2 Rc5 25. Qa4 Rb8 26. Rxc4 Rxb2 27. Rxc5 Qxc5 28. Nf4 Nc3 29. Qe8+ Qf8 30. Qxf8+ Kxf8 31. Ra1 a5 32. h3 a4 33. Nd3 Rb3 34. Kf1 Ke7 35. Nc1 Kd6 36. Ke1 Rb2 37. Nd3 Re2+ 38. Kf1 Rd2 39. Nb4 Kc5 40. Ke1 Re2+ 41. Kf1 Kc4 42. Rc1 Rb2 43. Ke1 Kb3 44. Nd3 Re2+ 45. Kf1 Rd2 46. Nc5+ Kb2 47. Nxa4+ Kxc1 48. Nxc3 Kc2 49. Ne4 Rd5 50. Ke2 Kb3 51. a4 Kb4 52. g4 Rd8 53. Ng3 Kxa4 54. Nh5 g6 55. Nf4 g5 56. Nd3 Kb5 57. Ne5 f6 58. Nf3 Kc6 59. Nd2 Kd5 60. Kf3 Rc8 61. Ne4 Ke5 62. Ng3 f5 63. Nh5 Rc3 64. Ng3 Ra3 65. Ne2 f4 66. Nd4 fxe3 67. fxe3 Ra8 68. Nc6+ Kd6 69. Nd4 Rf8+ 70. Ke2 Kd5 71. Nb5 Ke5 72. Nd4 Rf7 73. Nc6+ Ke4 74. Nd4 Ra7 75. Kf2 Ra2+ 76. Kg3 e5 77. Nf5 Re2 78. Nxh6 Rxe3+ 0-1

[Event "FIDE Grand Swiss"]
[Site "Douglas"]
[Date "2023.11.02"]
[Round "8"]
[White "Mareco, Sandro"]
[Black "Xiong, Jeffery"]
[Result "0-1"]
[WhiteElo "2606"]
[BlackElo "2693"]
[PlyCount "28"]
[EventDate "2023.10.25"]
[EventType "swiss"]
[EventRounds "11"]
[EventCountry "IOM"]
[SourceTitle "Mega2024 Update 01"]
[Source "Chessbase"]
[SourceDate "2023.11.12"]
[SourceVersion "1"]
[SourceVersionDate "2023.11.12"]
[SourceQuality "1"]

1. d4 d5 2. c4 dxc4 3. Nf3 a6 4. e3 Nf6 5. Bxc4 e6 6. 0-0 c5 7. b3 Nbd7 8. Bb2 Be7 9. Be2 0-0 10. Nbd2 b6 11. Ne5 Bb7 12. Bf3 Qc7 13. Rc1 Nxe5 14. Bxb7 Neg4 0-1

[Event "FIDE Grand Swiss"]
[Site "Douglas"]
[Date "2023.10.30"]
[Round "6"]
[White "Mareco, Sandro"]
[Black "Pichot, Alan"]
[Result "1/2-1/2"]
[WhiteElo "2606"]
[BlackElo "2650"]
[PlyCount "94"]
[EventDate "2023.10.25"]
[EventType "swiss"]
[EventRounds "11"]
[EventCountry "IOM"]
[SourceTitle "Mega2024 Update 01"]
[Source "Chessbase"]
[SourceDate "2023.11.12"]
[SourceVersion "1"]
[SourceVersionDate "2023.11.12"]
[SourceQuality "1"]

1. d4 Nf6 2. c4 e6 3. Nf3 a6 4. Nc3 d5 5. cxd5 exd5 6. Bg5 Be6 7. e3 Nbd7 8. Bd3 Bd6 9. h3 c6 10. Bf4 Qc7 11. Qd2 0-0 12. 0-0 Rfe8 13. Bxd6 Qxd6 14. Rac1 Nb6 15. Qc2 Qe7 16. Rfe1 g6 17. Ne5 Nc8 18. f3 Nh5 19. Rcd1 Nd6 20. Qf2 Rad8 21. Bb1 f6 22. Nd3 f5 23. Ne2 Bc8 24. Nef4 Qg5 25. a3 Re7 26. Ba2 Kh8 27. Ne5 Rde8 28. Qd2 Qh6 29. Nxh5 Qxh5 30. Re2 g5 31. Rf2 Nf7 32. Nxf7+ Rxf7 33. Re1 Rfe7 34. e4 g4 35. fxg4 fxg4 36. hxg4 Bxg4 37. Qb4 dxe4 38. Ref1 Bf3 39. gxf3 Rg7+ 40. Rg2 Rxg2+ 41. Kxg2 Qg5+ 42. Kh3 Re7 43. Qd6 Qh5+ 44. Kg3 Rg7+ 45. Kf2 Qxf3+ 46. Ke1 Qe3+ 47. Kd1 Qd3+ 1/2-1/2

[Event "FIDE Grand Swiss"]
[Site "Douglas"]
[Date "2023.10.28"]
[Round "4"]
[White "Mareco, Sandro"]
[Black "Bluebaum, Matthias"]
[Result "1/2-1/2"]
[WhiteElo "2606"]
[BlackElo "2668"]
[PlyCount "69"]
[EventDate "2023.10.25"]
[EventType "swiss"]
[EventRounds "11"]
[EventCountry "IOM"]
[SourceTitle "Mega2024 Update 01"]
[Source "Chessbase"]
[SourceDate "2023.11.12"]
[SourceVersion "1"]
[SourceVersionDate "2023.11.12"]
[SourceQuality "1"]

1. c4 Nf6 2. Nf3 e6 3. Nc3 d5 4. e3 Bd6 5. b3 0-0 6. Bb2 c5 7. g4 Nc6 8. g5 Ne4 9. h4 a6 10. Bg2 Nxc3 11. Bxc3 dxc4 12. bxc4 e5 13. Nh2 Be6 14. Be4 f5 15. gxf6 Qxf6 16. f4 Nd4 17. Ng4 Qf7 18. 0-0 Qe7 19. Nxe5 Bxe5 20. Qh5 g6 21. Qxe5 Ne2+ 22. Kg2 Nxc3 23. Qxc3 Bh3+ 24. Kxh3 Qxe4 25. Qe5 Qxc4 26. Rfc1 Qd3 27. Rxc5 Qxd2 28. Rc7 Rf7 29. Rac1 Qxa2 30. Rc8+ Rxc8 31. Rxc8+ Rf8 32. Rc7 Rf7 33. Rc8+ Rf8 34. Rc7 Rf7 35. Rc8+ 1/2-1/2

[Event "FIDE Grand Swiss"]
[Site "Douglas"]
[Date "2023.10.27"]
[Round "3"]
[White "Ivanchuk, Vassily"]
[Black "Mareco, Sandro"]
[Result "1/2-1/2"]
[WhiteElo "2653"]
[BlackElo "2606"]
[PlyCount "83"]
[EventDate "2023.10.25"]
[EventType "swiss"]
[EventRounds "11"]
[EventCountry "IOM"]
[SourceTitle "Mega2024 Update 01"]
[Source "Chessbase"]
[SourceDate "2023.11.12"]
[SourceVersion "1"]
[SourceVersionDate "2023.11.12"]
[SourceQuality "1"]

1. d4 Nf6 2. c4 e6 3. Nf3 d5 4. Nc3 Bb4 5. e3 0-0 6. a3 Bxc3+ 7. bxc3 c5 8. Bb2 Nc6 9. Be2 dxc4 10. Bxc4 b6 11. Bd3 Bb7 12. e4 Na5 13. Nd2 e5 14. d5 c4 15. Be2 Qc7 16. a4 Rfd8 17. 0-0 Nd7 18. Ba3 Nc5 19. Rb1 Ba6 20. Qc2 Rac8 21. Rfd1 Qd7 22. Bb4 g6 23. Nf1 h5 24. Ne3 Qxa4 25. Qxa4 Nxa4 26. g4 h4 27. g5 Nb7 28. Ng4 Nbc5 29. f3 Nd7 30. Rdc1 Nac5 31. Bxc5 Nxc5 32. Nxe5 b5 33. Rc2 Rd6 34. Kf2 Rc7 35. Ke3 Rb6 36. Rd2 Bc8 37. d6 Rcb7 38. Rd5 Nd7 39. Ng4 a5 40. f4 a4 41. Rd2 Kg7 42. e5 1/2-1/2

[Event "Cancun Camara Cup 11th"]
[Site "Cancun"]
[Date "2023.10.15"]
[Round "9"]
[White "Martinez Alcantara, Jose Eduardo"]
[Black "Mareco, Sandro"]
[Result "1/2-1/2"]
[WhiteElo "2611"]
[BlackElo "2606"]
[PlyCount "31"]
[EventDate "2023.10.11"]
[EventType "swiss"]
[EventRounds "9"]
[EventCountry "MEX"]
[SourceTitle "Mega2024 Update 01"]
[Source "Chessbase"]
[SourceDate "2023.11.12"]
[SourceVersion "1"]
[SourceVersionDate "2023.11.12"]
[SourceQuality "1"]

1. e4 e5 2. Nf3 Nc6 3. Bb5 a6 4. Ba4 Nf6 5. Nc3 Bc5 6. d3 d6 7. Bxc6+ bxc6 8. Be3 Bxe3 9. fxe3 0-0 10. 0-0 Re8 11. Qe1 Be6 12. Qg3 Nh5 13. Qf2 Nf6 14. Qg3 Nh5 15. Qf2 Nf6 16. Qg3 1/2-1/2

[Event "ESP-chT CECLUB Div2"]
[Site "Linares"]
[Date "2023.08.17"]
[Round "6.22"]
[White "Mareco, Sandro"]
[Black "Gomez Dominguez, Xabier"]
[Result "1-0"]
[WhiteElo "2614"]
[BlackElo "2159"]
[PlyCount "49"]
[EventDate "2023.08.13"]
[EventType "team-swiss"]
[EventRounds "7"]
[EventCountry "ESP"]
[SourceTitle "EXT 2024"]
[Source "ChessBase"]
[SourceDate "2023.10.10"]
[SourceVersion "1"]
[SourceVersionDate "2023.10.10"]
[SourceQuality "1"]
[WhiteTeam "Filantropos Equigoma"]
[BlackTeam "Circulo Ferrolano"]
[WhiteTeamCountry "ESP"]
[BlackTeamCountry "ESP"]

1. e4 c5 2. Nf3 g6 3. Bc4 Nc6 4. c3 Bg7 5. d4 cxd4 6. cxd4 d6 7. 0-0 Nf6 8. d5 Nb8 9. Qc2 0-0 10. h3 Nbd7 11. Nc3 a6 12. a4 Qc7 13. Qe2 Nc5 14. Bf4 a5 15. e5 Ne8 16. Nb5 Qb6 17. Bg5 f6 18. exf6 exf6 19. Be3 Bd7 20. Nfd4 Bxb5 21. axb5 Nc7 22. Ne6 N7xe6 23. dxe6 Rfe8 24. b4 axb4 25. e7+ 1-0

[Event "ESP-chT CECLUB Div2"]
[Site "Linares"]
[Date "2023.08.15"]
[Round "3.2"]
[White "Mareco, Sandro"]
[Black "Garcia Ramos, Daniel"]
[Result "1-0"]
[WhiteElo "2614"]
[BlackElo "2468"]
[PlyCount "87"]
[EventDate "2023.08.13"]
[EventType "team-swiss"]
[EventRounds "7"]
[EventCountry "ESP"]
[SourceTitle "EXT 2024"]
[Source "ChessBase"]
[SourceDate "2023.10.10"]
[SourceVersion "1"]
[SourceVersionDate "2023.10.10"]
[SourceQuality "1"]
[WhiteTeam "Filantropos Equigoma"]
[BlackTeam "Colon Sabadell Chessy"]
[WhiteTeamCountry "ESP"]
[BlackTeamCountry "ESP"]

1. c4 e6 2. Nf3 d5 3. g3 d4 4. Bg2 c5 5. e3 Nc6 6. exd4 cxd4 7. d3 Bd6 8. 0-0 Nge7 9. Re1 0-0 10. Nbd2 a5 11. a3 Ng6 12. Rb1 h6 13. Qc2 Be7 14. h4 f5 15. h5 Nh8 16. Nh2 Qe8 17. Qd1 Kh7 18. Ndf1 g5 19. g4 Qf7 20. Ng3 Bd7 21. Bd2 Qf6 22. Qc2 Nf7 23. b4 axb4 24. axb4 Ra3 25. Rb3 Rfa8 26. b5 Nce5 27. Bc1 Rxb3 28. Qxb3 Nd8 29. Bb2 Bc5 30. Ra1 Rxa1+ 31. Bxa1 b6 32. Ne2 fxg4 33. Bxd4 Bxd4 34. Nxd4 Qf4 35. Qc3 g3 36. Be4+ Kg8 37. fxg3 Qxg3+ 38. Kh1 Ng4 39. Nxg4 Qxg4 40. Nf3 Qxh5+ 41. Kg1 Qg4+ 42. Kf2 Qf4 43. Qd4 g4 44. Bh7+ 1-0

[Event "American Continental 17th"]
[Site "Juan Dolio"]
[Date "2023.05.15"]
[Round "1"]
[White "Mareco, Sandro"]
[Black "Galvez Dastin, Eduardo Francisco"]
[Result "1-0"]
[WhiteElo "2633"]
[BlackElo "2141"]
[PlyCount "79"]
[EventDate "2023.05.15"]
[EventType "swiss"]
[EventRounds "11"]
[EventCountry "DOM"]
[SourceTitle "CBM 214 Extra"]
[Source "ChessBase"]
[SourceDate "2023.07.31"]
[SourceVersion "1"]
[SourceVersionDate "2023.07.31"]
[SourceQuality "1"]

1. c4 c6 2. Nf3 d5 3. e3 Nf6 4. Nc3 e6 5. d4 Nbd7 6. Qc2 b6 7. Bd3 Bb7 8. 0-0 dxc4 9. Bxc4 a6 10. Rd1 b5 11. Be2 c5 12. a3 cxd4 13. Nxd4 Rc8 14. Bf3 Qb6 15. Bxb7 Qxb7 16. Qe2 Be7 17. e4 Ne5 18. Bf4 Nc4 19. e5 Nd7 20. Rd3 g5 21. Bg3 h5 22. h3 b4 23. axb4 Qxb4 24. b3 Na5 25. Ne4 Nc5 26. Nxc5 Qxc5 27. Rad1 Nc6 28. Nf3 Qb5 29. Qe4 Nb4 30. Rd6 h4 31. Bh2 Nd5 32. Nd4 Nc3 33. Nxb5 Nxe4 34. Rxa6 0-0 35. Nd6 Rfd8 36. f3 Bxd6 37. exd6 Nc5 38. Ra5 f6 39. b4 Nb7 40. d7 1-0

[Event "PRO League Prelim"]
[Site "Chess.com INT"]
[Date "2023.03.09"]
[Round "4.1"]
[White "Lagno, Kateryna"]
[Black "Mareco, Sandro"]
[Result "0-1"]
[WhiteElo "2560"]
[BlackElo "2622"]
[PlyCount "78"]
[EventDate "2023.02.14"]
[EventType "team-swiss (rapid)"]
[EventRounds "5"]
[EventCountry "USA"]
[SourceTitle "CBM 213 Extra"]
[Source "ChessBase"]
[SourceDate "2023.05.31"]
[SourceVersion "1"]
[SourceVersionDate "2023.05.31"]
[SourceQuality "1"]
[WhiteTeam "Blitz"]
[BlackTeam "Brazil Capybaras"]
[WhiteTeamCountry "FRA"]
[BlackTeamCountry "BRA"]

1. e4 e5 2. Nf3 Nc6 3. Bb5 a6 4. Ba4 Nge7 5. c3 Ng6 6. 0-0 d5 7. d3 Be7 8. h3 0-0 9. Re1 Be6 10. exd5 Qxd5 11. Bb3 Qd7 12. Bxe6 Qxe6 13. d4 Rad8 14. Qc2 Qd5 15. dxe5 Ngxe5 16. Nxe5 Nxe5 17. Be3 Nd3 18. Re2 Rd6 19. Nd2 Rg6 20. f3 Bc5 21. Kh1 Bxe3 22. Rxe3 Nf2+ 23. Kg1 Nxh3+ 24. Kf1 Nf4 25. g4 Rxg4 26. Qe4 Qxe4 27. Rxe4 Rh4 28. Kf2 Ng6 29. Rxh4 Nxh4 30. Nc4 Rd8 31. Re1 Kf8 32. Re2 Ng6 33. a4 h6 34. Na5 b6 35. Nc6 Rd6 36. Nd4 Nf4 37. Re4 Nd3+ 38. Ke2 Nc5 39. Re5 Nxa4 0-1

[Event "PRO League Prelim"]
[Site "Chess.com INT"]
[Date "2023.03.09"]
[Round "4.2"]
[White "Mareco, Sandro"]
[Black "Boyer, Mahel"]
[Result "1/2-1/2"]
[WhiteElo "2622"]
[BlackElo "2453"]
[PlyCount "98"]
[EventDate "2023.02.14"]
[EventType "team-swiss (rapid)"]
[EventRounds "5"]
[EventCountry "USA"]
[SourceTitle "CBM 213 Extra"]
[Source "ChessBase"]
[SourceDate "2023.05.31"]
[SourceVersion "1"]
[SourceVersionDate "2023.05.31"]
[SourceQuality "1"]
[WhiteTeam "Brazil Capybaras"]
[BlackTeam "Blitz"]
[WhiteTeamCountry "BRA"]
[BlackTeamCountry "FRA"]

1. d4 e6 2. c4 d5 3. Nf3 Nf6 4. g3 Be7 5. Bg2 0-0 6. 0-0 c6 7. Qc2 b6 8. Rd1 Nbd7 9. b3 a5 10. Nbd2 Bb7 11. Bb2 c5 12. cxd5 Nxd5 13. Rac1 Rc8 14. Qb1 cxd4 15. Nxd4 Rxc1 16. Rxc1 Qa8 17. Nc4 Rc8 18. Nb5 Qb8 19. Qa1 N5f6 20. Bxb7 Qxb7 21. Ncd6 Rxc1+ 22. Qxc1 Bxd6 23. Nxd6 Qd5 24. Ba3 Qa8 25. Qc7 h5 26. h3 Qb8 27. Qc6 Ne5 28. Qb5 Ng6 29. Nc4 Qd8 30. Bd6 Ne4 31. Qc6 Nxd6 32. Qxd6 Qf6 33. a4 h4 34. Qxb6 Qc3 35. Qe3 Qe1+ 36. Kg2 hxg3 37. fxg3 Qb4 38. Qb6 Qe1 39. Qd8+ Kh7 40. Qd2 Qb1 41. Nxa5 Qe4+ 42. Kh2 f5 43. Qd3 Qb4 44. Nc4 Qe1 45. a5 Qf2+ 46. Kh1 Qf1+ 47. Kh2 Qf2+ 48. Kh1 Qf1+ 49. Kh2 Qf2+ 1/2-1/2

[Event "PRO League Prelim"]
[Site "Chess.com INT"]
[Date "2023.02.21"]
[Round "2.2"]
[White "Mareco, Sandro"]
[Black "Antova, Gabriela"]
[Result "1-0"]
[WhiteElo "2622"]
[BlackElo "2266"]
[PlyCount "57"]
[EventDate "2023.02.14"]
[EventType "team-swiss (rapid)"]
[EventRounds "5"]
[EventCountry "USA"]
[SourceTitle "CBM 213 Extra"]
[Source "ChessBase"]
[SourceDate "2023.05.31"]
[SourceVersion "1"]
[SourceVersionDate "2023.05.31"]
[SourceQuality "1"]
[WhiteTeam "Brazil Capybaras"]
[BlackTeam "Charlotte Cobras"]
[WhiteTeamCountry "BRA"]
[BlackTeamCountry "USA"]

1. d4 d5 2. c4 dxc4 3. Nf3 Nf6 4. e3 e6 5. Bxc4 c5 6. 0-0 a6 7. b3 Nbd7 8. Bb2 Be7 9. Nbd2 0-0 10. a4 b6 11. Qe2 Bb7 12. Rfd1 cxd4 13. Nxd4 Qb8 14. N2f3 Nc5 15. h3 Nd5 16. Rac1 Bf6 17. Nh2 g6 18. Ng4 Bg7 19. Nf3 h5 20. Nge5 Nf6 21. Ng5 Bd5 22. Qc2 Bxc4 23. Qxc4 Qb7 24. Bd4 Rac8 25. Nexf7 Rxf7 26. b4 Qd5 27. Nxf7 Kxf7 28. bxc5 Qxc4 29. Rxc4 1-0

[Event "Florianopolis op 9th"]
[Site "Florianopolis"]
[Date "2023.01.28"]
[Round "9"]
[White "Terao, Juliana Sayumi"]
[Black "Mareco, Sandro"]
[Result "0-1"]
[WhiteElo "2243"]
[BlackElo "2625"]
[PlyCount "68"]
[EventDate "2023.01.23"]
[EventType "swiss"]
[EventRounds "10"]
[EventCountry "BRA"]
[SourceTitle "CBM 212 Extra"]
[Source "ChessBase"]
[SourceDate "2023.03.31"]
[SourceVersion "1"]
[SourceVersionDate "2023.03.31"]
[SourceQuality "1"]

1. e4 e5 2. Nf3 Nc6 3. Bb5 a6 4. Ba4 Nf6 5. d3 d6 6. c3 g6 7. 0-0 Bg7 8. Re1 0-0 9. Nbd2 b5 10. Bc2 Bb7 11. a4 b4 12. a5 Rb8 13. Nb3 h6 14. Bd2 Bc8 15. d4 Nh5 16. d5 bxc3 17. bxc3 Ne7 18. c4 f5 19. exf5 Nxf5 20. Rb1 Qf6 21. Qe2 Bd7 22. Be4 Rbe8 23. Nc1 Qf7 24. Rb7 Bc8 25. Ra7 Nf6 26. Nd3 Nd4 27. Nxd4 exd4 28. f3 Bf5 29. Nf2 Nxe4 30. fxe4 Bxe4 31. Rxc7 Qxc7 32. Nxe4 Re5 33. Qg4 Qf7 34. h3 Rfe8 0-1

[Event "Florianopolis op 9th"]
[Site "Florianopolis"]
[Date "2023.01.26"]
[Round "5"]
[White "Rodrigues, Edgar"]
[Black "Mareco, Sandro"]
[Result "1/2-1/2"]
[WhiteElo "2299"]
[BlackElo "2625"]
[PlyCount "114"]
[EventDate "2023.01.23"]
[EventType "swiss"]
[EventRounds "10"]
[EventCountry "BRA"]
[SourceTitle "CBM 212 Extra"]
[Source "ChessBase"]
[SourceDate "2023.03.31"]
[SourceVersion "1"]
[SourceVersionDate "2023.03.31"]
[SourceQuality "1"]

1. e4 e5 2. Nf3 Nc6 3. d4 exd4 4. Nxd4 Bc5 5. Be3 Qf6 6. c3 d6 7. Bc4 Ne5 8. 0-0 Qg6 9. f3 Nxc4 10. Qa4+ c6 11. Qxc4 Nf6 12. Nd2 0-0 13. Kh1 Bb6 14. Qa4 Re8 15. c4 d5 16. cxd5 cxd5 17. Qb3 dxe4 18. Nc4 Bxd4 19. Bxd4 Be6 20. Qb4 Bd5 21. Ne5 Qh5 22. f4 a5 23. Qc3 Qf5 24. Qg3 Rac8 25. Bc3 a4 26. a3 e3 27. Qxe3 Ne4 28. Qd4 Nxc3 29. bxc3 Bb3 30. Rae1 f6 31. Nf3 Red8 32. Qb4 Qc5 33. Qxb7 Rc7 34. Qb4 Qxc3 35. Qb6 Rdc8 36. Nd4 Qc5 37. Qxc5 Rxc5 38. Kg1 Bf7 39. Re7 g6 40. Ra7 Rc4 41. Nb5 Rd8 42. g3 Rc5 43. Nc7 Rd2 44. Rf2 Rd7 45. Ra8+ Kg7 46. Ne8+ Bxe8 47. Rxe8 Rc1+ 48. Rf1 Rxf1+ 49. Kxf1 Rd3 50. Re7+ Kg8 51. Kg2 Rxa3 52. Ra7 h5 53. Kh3 Ra2 54. g4 a3 55. gxh5 gxh5 56. Kg3 Kf8 57. h3 Ra1 1/2-1/2